000 00844nam a2200217Ii 4500
003 JO-AjNU
008 230605s9999||||xx |||||||||||||| ||und||
017 _a2005/9/2291
040 _aJO-AjNU
_bara
_erda
_cJO-AjNU
041 _aara
050 1 4 _aPJ7750 2005
100 3 _aتأليف خالص،وليد محمود,
_eauthor
_912920
245 0 0 _aجذوة بين الرماد: إبراهيم الوائلي في سيرته وأوراقه المنسية
250 _aط1
264 3 1 _aعمان:مؤسسة الوراق للنشر والتوزيع،2005
300 _a138ص
336 _atext
_btxt
_2rdacontent
337 _aunmediated
_bn
_2rdamedia
338 _avolume
_bnc
_2rdacarrier
650 4 _aالأدب العربي - النقد العربي - التحليل الأدبي - منوعات أدبية - العصر الحديث
_912921
999 _aA3081
_c6649
_d6649